000
00309nam a22001337a 4500
008
240318b ||||| |||| 00| 0 eng d
041
_a
eng
080
_2
1942
_a
159.9
082
_a
159.9ROS
100
_a
25
101
_a
PSIKOLOGJI
245
_a
THE STUDENT,S OXFORD ARISTOTELE
_c
W.D.ROSS
942
_2
udc
_c
BK
999
_c
60602
_d
60602